LEADER 00985nam0-2200325 --450 001 9910436856303321 005 20210219121812.0 010 $a2251380779 010 $a9782251380773 100 $a20210219d2006----kmuy0itay5050 ba 101 0 $afre 102 $aFR 105 $a 001yy 200 1 $aAthènes hellénistique$ehistoire de la cité d'Alexandre le Grand à Marc Antoine$fChristian Habicht$gtraduit de l'allemand par Martine et Denis Knoepfler 205 $a2 éd. revue et augm. 210 $aParis$cLes Belles Lettres$d2006 215 $a596 p.$d21 cm 225 1 $aHistoire$x1140-2539 676 $a938.508 676 $a932.021 700 1$aHabicht,$bChristian$0153860 702 1$aKnoepfler,$bDenis 702 1$aKnoepfler,$bMartine 801 0$aIT$bUNINA$gREICAT$2UNIMARC 901 $aBK 912 $a9910436856303321 952 $a938.508 HAB 2$b2020/1312$fFLFBC 959 $aFLFBC 996 $aAthènes hellénistique$91113284 997 $aUNINA LEADER 02709nam 2200613Ia 450 001 9910451259703321 005 20200520144314.0 010 $a1-134-33590-3 010 $a1-280-37689-9 010 $a9786610376896 010 $a0-203-39082-2 035 $a(CKB)1000000000254888 035 $a(EBL)256897 035 $a(OCoLC)252816226 035 $a(SSID)ssj0000188128 035 $a(PQKBManifestationID)11179574 035 $a(PQKBTitleCode)TC0000188128 035 $a(PQKBWorkID)10143174 035 $a(PQKB)11362377 035 $a(MiAaPQ)EBC256897 035 $a(Au-PeEL)EBL256897 035 $a(CaPaEBR)ebr10163664 035 $a(CaONFJC)MIL37689 035 $a(OCoLC)437164514 035 $a(EXLCZ)991000000000254888 100 $a20050113d2005 uy 0 101 0 $aeng 135 $aur|n|---||||| 181 $ctxt 182 $cc 183 $acr 200 14$aThe Korean language$b[electronic resource] $estructure, use and context /$fJae Jung Song 210 $aLondon $cRoutledge$d2005 215 $a1 online resource (202 p.) 300 $aDescription based upon print version of record. 311 $a0-415-54436-X 311 $a0-415-32802-0 320 $aIncludes bibliographical references and index. 327 $aBOOK COVER; HALF-TITLE; TITLE; COPYRIGHT; DEDICATION; CONTENTS; PREFACE; ABBREVIATIONS; A NOTE ON ROMANIZATION AND KOREAN PERSONAL NAMES; MAP 1; MAP 2; 1 KOREA; 2 SOUNDS AND THEIR PATTERNS; 3 WRITING SYSTEMS; 4 WORDS AND FIXEDEXPRESSIONS; 5 SENTENCES AND THEIRSTRUCTURE; 6 BEYOND SENTENCES; 7 NORTH AND SOUTH KOREA; REFERENCES AND FURTHERREADING; INDEX 330 $aSuitable for students of all levels, this book provides a general description of the Korean language by highlighting important structural aspects whilst keeping technical details to a minimum. By examining the Korean language in its geographical, historical, social and cultural context the reader is able to gain a good understanding of its speakers and the environment in which it is used. The book covers a range of topics on Korean including its genetic affiliation, historical development, sound patterns, writing systems, vocabulary, grammar and discourse.The text is designed 606 $aKorean language$xGrammar 606 $aKorean language$vTextbooks for foreign speakers$xEnglish 608 $aElectronic books. 615 0$aKorean language$xGrammar. 615 0$aKorean language$xEnglish. 676 $a495.7 700 $aSong$b Jae Jung$f1958-$0223837 801 0$bMiAaPQ 801 1$bMiAaPQ 801 2$bMiAaPQ 906 $aBOOK 912 $a9910451259703321 996 $aThe Korean language$91991489 997 $aUNINA LEADER 01519nas 2200469- 450 001 9910310639703321 005 20260218110401.0 011 $a2192-8029 035 $a(OCoLC)906193161 035 $a(CKB)3460000000023268 035 $a(CONSER)--2015207516 035 $a(DE-599)ZDB2718224-1 035 $a(MiAaPQ)2038883 035 $a(DE-599)2718224-1 035 $a(EXLCZ)993460000000023268 100 $a20140708a20129999 s-- a 101 0 $aeng 135 $aurcn|---||||| 181 $ctxt$2rdacontent 182 $cc$2rdamedia 183 $acr$2rdacarrier 200 00$aNonlinear engineering $emodeling and application 210 1$aBerlin, Germany :$cDe Gruyter 300 $aRefereed/Peer-reviewed 311 08$a2192-8010 606 $aSystems engineering$xMathematical models$vPeriodicals 606 $aNonlinear systems$vPeriodicals 606 $aSystems engineering$vPeriodicals 606 $aNonlinear systems$2fast$3(OCoLC)fst01038810 606 $aSystems engineering$2fast$3(OCoLC)fst01141455 606 $aSystems engineering$xMathematical models$2fast$3(OCoLC)fst01141463 608 $aPeriodicals.$2fast 615 0$aSystems engineering$xMathematical models 615 0$aNonlinear systems 615 0$aSystems engineering 615 7$aNonlinear systems. 615 7$aSystems engineering. 615 7$aSystems engineering$xMathematical models. 906 $aJOURNAL 912 $a9910310639703321 996 $aNonlinear engineering$92162985 997 $aUNINA